|
|
|
|
| LEADER |
02451nam a2200553 i 4500 |
| 001 |
nkc20193161608 |
| 003 |
CZ PrNK |
| 005 |
20200730085039.0 |
| 007 |
ta |
| 008 |
191125s2019 xr a b 000 j cze |
| 015 |
|
|
|a cnb003161608
|
| 020 |
|
|
|a 978-80-253-4477-4
|q (vázáno) :
|c Kč 199,00
|
| 035 |
|
|
|a (OCoLC)1140084039
|
| 040 |
|
|
|a ABG001
|b cze
|e rda
|
| 072 |
|
7 |
|a 821.162.3-3
|x Česká próza
|2 Konspekt
|9 25
|
| 072 |
|
7 |
|a 821-93
|x Literatura pro děti a mládež (beletrie)
|2 Konspekt
|9 26
|
| 080 |
|
|
|a 821.162.3-32
|2 MRF
|
| 080 |
|
|
|a 821-93
|2 MRF
|
| 080 |
|
|
|a 37.016:028-028.31
|2 MRF
|
| 080 |
|
|
|a (0:82-32)
|2 MRF
|
| 100 |
1 |
|
|a Kotová, Marcela,
|d 1976-
|7 hka20191031794
|4 aut
|
| 245 |
1 |
0 |
|a Kouzelné pastelky /
|c napsala Marcela Kotová ; ilustrovala Petra Vybíhalová
|
| 246 |
1 |
|
|i Název v tiráži:
|a Čteme sami - genetická metoda - Kouzelné pastelky
|
| 250 |
|
|
|a 1. vydání
|
| 264 |
|
1 |
|a V Praze :
|b Fragment,
|c 2019
|
| 300 |
|
|
|a 59 stran :
|b barevné ilustrace ;
|c 23 cm
|
| 336 |
|
|
|a text
|b txt
|2 rdacontent
|
| 336 |
|
|
|a statický obraz
|b sti
|2 rdacontent
|
| 337 |
|
|
|a bez média
|b n
|2 rdamedia
|
| 338 |
|
|
|a svazek
|b nc
|2 rdacarrier
|
| 490 |
1 |
|
|a Čteme sami. Genetická metoda
|
| 500 |
|
|
|a Na hřbetě označení: C, GM
|
| 520 |
2 |
|
|a Krátké příběhy o Kačence a kouzelných pastelkách pomáhají začínajícím čtenářům při prvním samostatném čtení souvislého textu tištěného velkými písmeny.
|b Kačenka našla pod vánočním stromečkem na první pohled obyčejné pastelky. Z takového dárku nebyla nijak nadšená, neboť ostatní děti ze školy dostaly krásné a drahé hračky. Jaké pro ni však bylo překvapení, když obrázky, které s pastelkami namalovala, ožívaly.
|
| 521 |
8 |
|
|a Pro děti od 6 let
|
| 650 |
0 |
7 |
|a genetická metoda čtení
|7 ph1054740
|2 czenas
|
| 650 |
0 |
9 |
|a genetic method of reading
|2 eczenas
|
| 655 |
|
7 |
|a české příběhy
|7 fd133973
|2 czenas
|
| 655 |
|
7 |
|a publikace pro děti
|7 fd133156
|2 czenas
|
| 655 |
|
9 |
|a Czech stories
|2 eczenas
|
| 655 |
|
9 |
|a children's literature
|2 eczenas
|
| 700 |
1 |
|
|a Vybíhalová, Petra
|7 jo2017964551
|4 ill
|
| 830 |
|
0 |
|a Čteme sami.
|p Genetická metoda
|0 s
|
| 910 |
2 |
|
|a BOA001
|b 2-1438.782
|
| 920 |
|
|
|a 4509668
|z ABG001
|
| 928 |
9 |
|
|a Albatros Media - Fragment
|
| 990 |
|
|
|a BK
|
| 995 |
|
|
|a 01
|
| 991 |
|
|
|b 201912
|c NOV
|
| 996 |
6 |
|
|b 2610809014
|c 2-1438.782
|l MZK
|r Sklad / do 1 hodiny
|n 0
|p p.v.
|w 001772301
|u 000010
|a 1
|e BOA001
|j MZK50
|s P
|